| 000 | 00574nam a2200217Ia 4500 | ||
|---|---|---|---|
| 003 | OSt | ||
| 005 | 20250729101250.0 | ||
| 008 | 210719s2020 xx 000 0 und d | ||
| 040 | _cAL | ||
| 041 | _aeng | ||
| 082 | _a657.42 SAHC | ||
| 100 |
_aSaha R G _941482 |
||
| 245 | _aCost and management accounting-I | ||
| 260 |
_aMumbai _bHimalaya Publishing House _c2020 |
||
| 300 |
_aviii,284 _bPB |
||
| 365 |
_b225 _cRs |
||
| 700 |
_aAchari, Santhosh V _9220596 |
||
| 700 |
_aNagaraj _9220597 |
||
| 906 | _aaccounting-I ; BCom ; Cost ; management ; sem | ||
| 942 |
_2ddc _cREF |
||
| 999 |
_c211820 _d211820 |
||